| 000 | 01702nam1a2200301 i 4500 | ||
|---|---|---|---|
| 001 | RU\NLR\bibl\291134 | ||
| 005 | 20260407074204.0 | ||
| 035 | _a(NLR Aleph) 000286518 | ||
| 090 |
_a1677244 _c1677244 |
||
| 100 | _a20020726g20029999u a0rusy50 ca | ||
| 101 | 0 | _arus | |
| 102 | _aRU | ||
| 105 | _aa ||||||||| | ||
| 200 | 1 |
_aПодбор персонала и трудоустройство населения _eДеятельность негос. орг. содействия занятости населения _e[Сб.] _fДеп. Федер. гос. службы занятости населения по г. Москве _g[С.А. Мельников, к.ист.н. С.С. Сапожников |
|
| 205 | _a5-е изд., доп.] | ||
| 210 |
_aМ. _cДеп. федер. гос. службы занятости населения по г. Москве _d2002 |
||
| 215 | _d21 | ||
| 463 | 0 | _1001283756 | |
| 606 | 0 |
_aТрудоустройство _yРоссийская Федерация _92095683 _3RU\NLR\auth\661267999 |
|
| 686 | _aУ24(2)05 | ||
| 702 | 1 |
_4220 _8rus _7ca _aМельников _bС.А. _cканд. ист. наук, занятость населения _gСтанислав Александрович _3RU\NLR\auth\7728154 _911185 |
|
| 712 | 0 | 1 |
_4570 _aРоссийская Федерация _bФедеральная государственная служба занятости _bДепартамент по городу Москве _3RU\NLR\AUTH\8810038214 _9575268 |
| 801 | 0 |
_aRU _bNLR _c20020726 _gPSBO |
|
| 801 | 1 |
_aRU _bNLR _c20020726 |
|
| 852 |
_aNLR _j2002-4/7880 |
||
| 942 | _cBOOK | ||